Trudne słowa po angielsku - Statystyki

Ogólne statystyki
  • Ten quiz został rozwiązany 149 razy
  • Średni wynik to 7 z 15
Statystyki odpowiedzi
Polski Angielski % Poprawnych
nazwisko surname
90%
łysy bald
83%
przystojny handsome
78%
rozwiedziony divorced
76%
blizna scar
69%
nadwaga overweight
66%
wdowa widow
60%
blady pale
46%
dane osobowe personal data
39%
pryszcz pimple
38%
farbowane ( włosy ) dyed
33%
pulchny plump
25%
wypełnić formularz fill in a form
5%
stan cywilny marital states
2%
w podeszłym wieku midlle-aged
1%
Nie znaleziono quizów pasujących do podanych kryteriów
Rozkład punktacji
Procent ludzi z każdym wynikiem
Percentyl według liczby udzielonych odpowiedzi
Twoja historia wyników
Nie rozwiązałeś tego quizu